Großstädte Frankreichs - Statistiken

Allgemein
  • Dieses Quiz wurde 343 mal gespielt
  • Das Durchschnittsergebnis liegt bei 26 aus 43
Antwortstatistiken
Region Einwohner Stadt % Korrekt
Île-de-France 2'188 k Paris
100%
Provence-Alpes-Côte d'Azur 863 k Marseille
98%
Auvergne-Rhône-Alpes 516 k Lyon
97%
Provence-Alpes-Côte d'Azur 340 k Nizza
93%
Grand Est 281 k Strassburg
93%
Nouvelle-Aquitaine 254 k Bordeaux
90%
Okzitanien 480 k Toulouse
89%
Hauts-de-France 232 k Lille
85%
Pays de la Loire 310 k Nantes
83%
Bretagne 217 k Rennes
81%
Okzitanien 285 k Montpellier
79%
Bretagne 140 k Brest
76%
Grand Est 182 k Reims
74%
Grand Est 116 k Metz
73%
Bourgogne-Franche-Comté 157 k Dijon
72%
Auvergne-Rhône-Alpes 158 k Grenoble
71%
Normandie 170 k Le Havre
67%
Auvergne-Rhône-Alpes 173 k Saint-Étienne
63%
Auvergne-Rhône-Alpes 144 k Clermont-Ferrand
60%
Centre-Val de Loire 117 k Orléans
59%
Grand Est 104 k Nancy
57%
Provence-Alpes-Côte d'Azur 172 k Toulon
57%
Grand Est 109 k Mulhouse
55%
Centre-Val de Loire 136 k Tours
54%
Okzitanien 151 k Nîmes
53%
Normandie 110 k Rouen
53%
Réunion 148 k Saint-Denis
51%
Île-de-France 111 k Saint-Denis
51%
Normandie 105 k Caen
48%
Nouvelle-Aquitaine 132 k Limoges
48%
Provence-Alpes-Côte d'Azur 142 k Aix-en-Provence
47%
Pays de la Loire 153 k Angers
47%
Hauts-de-France 134 k Amiens
45%
Pays de la Loire 143 k Le Mans
45%
Okzitanien 120 k Perpignan
44%
Auvergne-Rhône-Alpes 148 k Villeurbanne
42%
Auvergne-Rhône-Alpes 127 k Annecy
40%
Bourgogne-Franche-Comté 116 k Besançon
35%
Neukaledonien 102 k Nouméa
34%
Réunion 105 k Saint-Paul
30%
Île-de-France 110 k Argenteuil
28%
Île-de-France 120 k Boulogne-Billancourt
28%
Île-de-France 110 k Montreuil
28%
Keine übereinstimmenden Quizze gefunden
Verteilung der Resultate
Anzahl Personen mit jedem Resultat
Perzentil nach korrekt beantworteten Fragen
Ihre Resultats-Entwicklung
Sie haben dieses Quiz noch nicht gespielt